书目信息 |
| 题名: |
两京新记辑校
|
|
| 作者: | 韦述 撰 ;辛德勇 辑校 | |
| 分册: | ||
| 出版信息: | 北京 中华书局 2020 |
|
| 页数: | 254页 | |
| 开本: | 21cm | |
| 丛书名: | 中国古代都城资料选刊 | |
| 单 册: | ||
| 中图分类: | K294.11 , K296.13 | |
| 科图分类: | ||
| 主题词: | ||
| 电子资源: | ||
| ISBN: | 978-7-101-14205-1 | |
| 000 | 01239oam2 2200313 450 | |
| 001 | 2131059393 | |
| 005 | 20211029202829.0 | |
| 010 | @a978-7-101-14205-1@dCNY30.00 | |
| 100 | @a20191223d2020 em y0chiy50 ea | |
| 101 | 0 | @achi |
| 102 | @aCN@b110000 | |
| 105 | @ay z 000yy | |
| 106 | @ar | |
| 200 | 1 | @a两京新记辑校@Aliang jing xin ji ji jiao@f(唐)韦述撰@g辛德勇辑校@c大业杂记辑校@f(唐)杜宝撰@g辛德勇辑校 |
| 210 | @a北京@c中华书局@d2020 | |
| 215 | @a254页@d21cm | |
| 225 | 2 | @a中国古代都城资料选刊@Azhong guo gu dai du cheng zi liao xuan kan |
| 330 | @a本书共五卷,内容包括隋唐东西两京长安、洛阳的总述和宫城、禁苑、皇城、长安县、万年县所领诸坊等。在继承魏晋以来城市志书记宫殿、寺院的传统的基础上,依照长安整个城市的平面布局状况,系统记录了大量官员和商人等城市居民的住宅及相关史事。 | |
| 461 | 0 | @12001 @a中国古代都城资料选刊 |
| 517 | 1 | @a大业杂记辑校@Ada ye za ji ji jiao |
| 607 | @a西安@Axi an@x地方史@z唐代@j史料 | |
| 607 | @a洛阳@Aluo yang@x地方史@z唐代@j史料 | |
| 690 | @aK294.11@v5 | |
| 690 | @aK296.13@v5 | |
| 701 | 0 | @c(唐)@a韦述@Awei shu@f(?~757)@4撰 |
| 701 | 0 | @c(唐)@c杜宝@4撰 |
| 702 | 0 | @a辛德勇@Axin de yong@f(1959~)@4辑校 |
| 801 | 0 | @aCN@b百万庄@c20211029 |
| 905 | @b1313607-610@dK294.11@e453@f4 | |
| 两京新记辑校/(唐)韦述撰/辛德勇辑校.大业杂记辑校/(唐)杜宝撰/辛德勇辑校.-北京:中华书局,2020 |
| 254页;21cm.-(中国古代都城资料选刊) |
| ISBN 978-7-101-14205-1:CNY30.00 |
| 本书共五卷,内容包括隋唐东西两京长安、洛阳的总述和宫城、禁苑、皇城、长安县、万年县所领诸坊等。在继承魏晋以来城市志书记宫殿、寺院的传统的基础上,依照长安整个城市的平面布局状况,系统记录了大量官员和商人等城市居民的住宅及相关史事。 |
| ● |
| 相关链接 |
|
|
|
|
正题名:两京新记辑校
索取号:K294.11/453
 
预约/预借
| 序号 | 登录号 | 条形码 | 馆藏地/架位号 | 状态 | 备注 |
| 1 | 1313607 | 213136079 | 第二样本阅览室/ [索取号:K294.11/453] | 在馆 | |
| 2 | 1313608 | 213136088 | 第二借阅区/ [索取号:K294.11/453] | 在馆 | |
| 3 | 1313609 | 213136097 | 第二借阅区/ [索取号:K294.11/453] | 在馆 | |
| 4 | 1313610 | 213136104 | 第二借阅区/ [索取号:K294.11/453] | 在馆 |